000 01156 a2200217 4500
001 28349
005 20260407155555.0
008 260407a1990 arg spa d
003 AR-UNSa-BCEJYS
040 _aAR-UNSa-BCEJYS
_bspa
_cAR-UNSa-BCEJYS
080 _a001.8
_xMetodología. Estudio general del método. Procedimientos científicos y técnicos para el estudio, La investigación y la discusión
245 1 0 _aTécnicas para escribir, leer y estudiar
_pcómo preparar una tesis, un ensayo, una moinografía, un libro
020 _a950-739-015-8
264 1 _aBuenos Aires :
_bErrepar
_c1990
300 _a264 p.
_c20 cm.
505 _a1. Conceptos fundamentales – 2. El libro – 3. Técnicas de escritura – 4. Uso de las abreviaturas, símbolos, palabras y siglas más utilizadas – 5. Normas para la elaboración de notas y bibliografías – 6. Revisión, enmienda y valoración del trabajo de investigación – 7. De la mesa de trabajo a la imprenta – 8. Importancia de la lectura y las técnicas de estudio -
041 _aspa
942 _cBK
590 _aniveau_biblio:m niveau_hierar:0
100 1 _aÁlvarez Chávez, Víctor Hugo
999 _c1698
_d1698